South Carolina Head Football Coaches by Picture - Statistics

General Stats
  • This quiz has been taken 14 times
  • The average score is 9 of 30
Answer Stats
Picture Hint Answer % Correct
2005-2015 Steve Spurrier
100%
2021-Present Shane Beamer
93%
2016-2020 Will Muschamp
93%
1999-2004 Lou Holtz
86%
2020 Mike Bobo
50%
2015 Shawn Elliott
50%
1983-1988 Jim Morrison
36%
1994-1998 Brad Scott
29%
1902-1903 Bob Williams
21%
1966-1974 Paul Dietzel
21%
1989-1993 Sparky Woods
21%
1898 Bill Wertenbaker
14%
1928-1934 Billy Laval
14%
1925-1926 Branch Bocock
14%
1901 Byron W. Dickson
14%
1904-1905 | 1908-1909 Christie Benet
14%
1918 Frank Dobson
14%
1899-1900 Irving O. Hunt
14%
1943 James Moran Sr.
14%
1975-1981 Jim Carlen
14%
1910-1911 John Neff
14%
1961-1965 Marvin Bass
14%
1912-1915 Norman B. Edgerton
14%
1938-1942 | 1946-1955 Rex Enright
14%
1982 Richard Bell
14%
1896 Richard S. Whaley
14%
1920-1924 Sol Metzger
14%
1956-1960 Warren Giese
14%
1944 Williams Newton
14%
1916 W. Rice Warren
14%
No matching quizzes found
Score Distribution
Percent of People with Each Score
Percentile by Number Answered
Your Score History
You have not taken this quiz